| 000 | 00562 a2200169 4500 | ||
|---|---|---|---|
| 001 | 136765 | ||
| 020 | _a9788502098404 | ||
| 040 | _cLeonardo Da Vinci | ||
| 041 | _aPortuguês | ||
| 082 |
_a332.6453 P647g _bP647g |
||
| 100 | _aPIAZZA, Marcelo C | ||
| 245 |
_aGanhe mais investindo em opções _bum guia revelador com tudo o que você precisa saber para ganhar mais com a sua carteira de ações |
||
| 260 |
_bSaraiva _c2010 _aSão Paulo |
||
| 362 | _a20100000 | ||
| 697 |
_aMercado de opções _aInvestimentos _aGarantias _aTaxa de juros _aCompras |
||
| 942 | _cBK | ||
| 999 |
_c136765 _d136765 |
||